000 00601cam a2200217 4500
001 J641
008 090401t1992 xxu||||| |||| 00| 0 eng d
035 _a(Sirsi) u75971
041 _aeng
050 _a333.70212
110 _aUnited Kingdom
_bDepartment of the Environment
_9982
245 _aLand use change in England 1985-1990.
260 _aLondon
_bDepartment of the Environment
_c1992
300 _a27p. ; 30cm.
350 _a4
490 _aDepartment of the Environment Statistical Bulletin
_v(92)3
650 _aLand use
_96251
690 _aLAND
942 _n0
948 _c04/03/1997
999 _c96099
_d96099